| 000 | 00622nam a2200193Ia 4500 | ||
|---|---|---|---|
| 999 |
_c2035 _d2035 |
||
| 008 | 190719s2001||||xx |||||||||||||| ||und|| | ||
| 020 | _a9280150863 | ||
| 040 | _aIMU-KC | ||
| 082 |
_223 _a623.880711 _bI339 |
||
| 110 |
_9311 _aInternational Maritime Organization. |
||
| 245 | 0 |
_aModel course 1.30 On-board assessment / _cInternational Maritime Organization. |
|
| 250 | _a2001 ed. | ||
| 260 |
_aLondon: _bInternational Maritime Organization, _c2001. |
||
| 300 |
_av, 120 p.; _c30 cm. |
||
| 650 | _aMerchant mariners--Training of | ||
| 650 | _aAbility--Testing | ||
| 650 | _aCompetency-based education | ||
| 942 |
_2ddc _cBK |
||